| 000 | 01172nam a2200325Ia 4500 | ||
|---|---|---|---|
| 003 | OSt | ||
| 005 | 20221007125259.0 | ||
| 006 | a|||||r|||| 00| 0 | ||
| 007 | ta | ||
| 008 | 221006b |||||||| |||| 00| 0 eng d | ||
| 020 |
_a047148993X (pbk) _c _ 55.95 |
||
| 024 | _a8558 | ||
| 037 |
_bEducational, _cTextual |
||
| 040 |
_aCDL _cCDL _beng |
||
| 041 |
_2eng _aeng |
||
| 082 | _aE:218:(B), P0 | ||
| 100 |
_aHinchliffe Alan _9718347 |
||
| 245 | 0 | _aModelling molecular structures by Alan Hinchliffe | |
| 250 | _aEd 2 | ||
| 260 |
_aChichester _bJohn Wiley Sons Ltd. _c2000 |
||
| 300 |
_axviii,336p _ccm. |
||
| 490 | _aWiley series in theoretical chemistry | ||
| 500 | _aBibliographical references 325-329p; Index 331-336p; ^n23/CSL/CARC/2001-2002/182^d2001-09-11^mPurchase; ; 2001-2002/274^b2001-11-07^cEBA/250/2001-02^d2001-10-17^eRs.2,708.54^fEducationalBook Agency (India); ; 2001-12-25^bSB^c2002-06-03^dRPS | ||
| 650 | _a Mathematical | ||
| 650 |
_a Molecular structure _9713791 |
||
| 650 |
_a Physical _9297719 |
||
| 650 | _aChemistry | ||
| 942 |
_hE:218:(B), P0 _cTEXL _2CC |
||
| 999 |
_c1214998 _d1214998 |
||